000 00652nam a2200169 a 4500
008 120416s1973 ||||||||||||||||| || u
020 _a0063827905
050 _aQD 31.2 Gid
100 _aGiddings, J. Calvin (John Calvin), 1930-
245 1 0 _aChemistry, man, and environmental change: an integrated approach
260 _aNew York
_bCanfield Press
_c1973
300 _aviii,472p. : ill.
350 _a0.00
500 _aIncludes bibliographies.
650 0 _aCHEMISTRY--HANDBOOKS, MANUALS, ETC
995 _D0.00
_FCBU-MAIN LIBRARY (Kitwe)
_H1
_I6.00
_M1
_ULOST
_ZMain Library Open Access Collection
999 _c37208
_d37208